| Tag |
First Indicator |
Second Indicator |
Subfields |
| LEADER |
00000cam a2200000 a 4500 |
| 001 |
in00000028967 |
| 005 |
20151007054750.0 |
| 008 |
870713s1988 nyu 00011 eng |
| 010 |
|
|
|a 87021309
|
| 020 |
|
|
|a 0877959447 :
|c $16.95
|
| 020 |
|
|
|z 0877959477
|
| 035 |
|
|
|a (OCoLC)16469548
|
| 035 |
|
|
|9 AAB6149AM
|
| 040 |
|
|
|a DLC
|c DLC
|d TXA
|d UtOrBLW
|
| 049 |
|
|
|a TXAM
|c [A11503050]
|
| 050 |
0 |
0 |
|a PS3562.E444
|b D4 1988
|
| 082 |
0 |
|
|a 813/.54
|2 19
|
| 100 |
1 |
|
|a Lehrman, Robert.
|
| 245 |
1 |
0 |
|a Defectors :
|b a novel /
|c Robert Lehrman.
|
| 264 |
|
1 |
|a New York :
|b Arbor House,
|c [1988]
|
| 264 |
|
4 |
|c ©1988
|
| 300 |
|
|
|a 286 pages ;
|c 22 cm.
|
| 336 |
|
|
|a text
|b txt
|2 rdacontent
|
| 337 |
|
|
|a unmediated
|b n
|2 rdamedia
|
| 338 |
|
|
|a volume
|b nc
|2 rdacarrier
|
| 999 |
|
|
|a MARS
|
| 999 |
f |
f |
|s f69df8a9-be47-31aa-b857-7d4bca9d8a53
|i 022c44b6-de3d-3638-a447-80fb59fb58f9
|t 0
|
| 952 |
f |
f |
|p ric
|a Texas A&M University
|b Rellis Campus
|c Joint Library Facility
|d Remote Storage
|t 0
|e PS3562.E444 D4 1988
|h Library of Congress classification
|i unmediated -- volume
|m A14811503050
|
| 998 |
f |
f |
|a PS3562.E444 D4 1988
|t 0
|l Remote Storage
|